[Event "Madrid-chT 2425"]
[Site "Madrid"]
[Date "2025.01.26"]
[Round "7.3"]
[White "Toncheva, Nadya"]
[Black "Alarcia Astiz, Carlos"]
[Result "1/2-1/2"]
[WhiteElo "2313"]
[BlackElo "2244"]
[PlyCount "142"]
[GameId "2138789995877686"]
[EventDate "2024.11.24"]
[EventType "team-tourn"]
[EventRounds "14"]
[EventCountry "ESP"]
[SourceVersionDate "2011.03.15"]
[WhiteTeam "Alcorcon Diagonal"]
[BlackTeam "Blanco y Negro"]
[WhiteTeamCountry "ESP"]
[BlackTeamCountry "ESP"]

1. d4 c6 2. e4 d5 3. Nc3 dxe4 4. Nxe4 Bf5 5. Ng3 Bg6 6. h4 h6 7. Nf3 Nd7 8. Bd3 Bxd3 9. Qxd3 e6 10. Bf4 Qa5+ 11. Bd2 Qc7 12. O-O-O O-O-O 13. Kb1 Ngf6 14. Ne4 Nxe4 15. Qxe4 Nf6 16. Qe2 c5 17. dxc5 Bxc5 18. Ne5 Rd5 19. Rhe1 Rhd8 20. Nd3 e5 21. Nxe5 Bxf2 22. Qxf2 Rxe5 23. Bc3 Rxd1+ 24. Rxd1 Ne4 25. Bxe5 Nxf2 26. Bxc7 Nxd1 27. Bf4 a6 28. h5 Nf2 29. Be5 g6 30. Bd4 Ng4 31. c4 Kd7 32. Kc2 Ke6 33. b4 gxh5 34. a4 f5 35. b5 h4 36. Kd3 h5 37. a5 Nh6 38. c5 Kd7 39. c6+ bxc6 40. bxa6 Kc8 41. Ke3 Nf7 42. Kf4 Nd6 43. Bb6 Kb8 44. Ke5 Nc4+ 45. Kxf5 Nb2 46. Ke4 Nc4 47. Kd4 Nd6 48. Ke5 Nc4+ 49. Ke4 Ka8 50. Kf5 Nb2 51. Bf2 Nd3 52. Bxh4 c5 53. Ke4 c4 54. Bg3 Ka7 55. Kd4 Kxa6 56. Kxc4 Nb2+ 57. Kc3 Na4+ 58. Kb4 Nb2 59. Bc7 Nd3+ 60. Kc4 Ne1 61. g3 Nf3 62. Kd3 Nh2 63. Ke2 Kb5 64. Bb6 Ka6 65. Kf2 Ng4+ 66. Kf3 Nh2+ 67. Kg2 Ng4 68. Bd4 Kxa5 69. Kh3 Nh6 70. Kh4 Nf5+ 71. Kxh5 Nxg3+ 1/2-1/2

[Event "Madrid-chT 2425"]
[Site "Madrid"]
[Date "2025.01.26"]
[Round "7.4"]
[White "Renteria Becerra, Jorge Elicer"]
[Black "Bravo De la Vega, Alvaro"]
[Result "1/2-1/2"]
[WhiteElo "2178"]
[BlackElo "2128"]
[PlyCount "38"]
[GameId "2138798440256858"]
[EventDate "2024.11.24"]
[EventType "team-tourn"]
[EventRounds "14"]
[EventCountry "ESP"]
[SourceVersionDate "2011.03.15"]
[WhiteTeam "Blanco y Negro"]
[BlackTeam "Alcorcon Diagonal"]
[WhiteTeamCountry "ESP"]
[BlackTeamCountry "ESP"]

1. e4 e5 2. Nf3 Nc6 3. d4 exd4 4. Nxd4 Nf6 5. Nxc6 bxc6 6. e5 Qe7 7. Qe2 Nd5 8. c4 Ba6 9. g3 g6 10. b3 Bg7 11. Bb2 O-O 12. Bg2 Rae8 13. O-O Bxe5 14. Qxe5 Qxe5 15. Bxe5 Rxe5 16. cxd5 Bxf1 17. Kxf1 cxd5 18. Nc3 c6 19. h4 Rb8 1/2-1/2

[Event "Madrid-chT 2425"]
[Site "Madrid"]
[Date "2025.01.26"]
[Round "7.5"]
[White "Neagu, Roberto Florin"]
[Black "Lang, Zalan Andreas"]
[Result "1-0"]
[WhiteElo "2209"]
[BlackElo "2146"]
[PlyCount "53"]
[GameId "2138799198659940"]
[EventDate "2024.11.24"]
[EventType "team-tourn"]
[EventRounds "14"]
[EventCountry "ESP"]
[SourceVersionDate "2011.03.15"]
[WhiteTeam "Alcorcon Diagonal"]
[BlackTeam "Blanco y Negro"]
[WhiteTeamCountry "ESP"]
[BlackTeamCountry "ESP"]

1. e4 e5 2. Nf3 Nc6 3. Bb5 a6 4. Ba4 Nf6 5. O-O Nxe4 6. Re1 Nc5 7. Bxc6 dxc6 8. Nxe5 Be6 9. d4 Nd7 10. Nf3 Be7 11. Qe2 O-O 12. c4 Nb6 13. b3 Bf6 14. Bb2 Bg4 15. Nbd2 c5 16. Qe4 Qd7 17. Qf4 Bxf3 18. Nxf3 cxd4 19. Bxd4 Bxd4 20. Nxd4 Rad8 21. Nf5 g6 22. Nh6+ Kg7 23. Ng4 Qd4 24. Qh6+ Kg8 25. h3 Rfe8 26. Rad1 Qxd1 27. Nf6+ 1-0

[Event "Madrid-chT 2425"]
[Site "Madrid"]
[Date "2025.01.26"]
[Round "7.6"]
[White "Perez Diez, Victor"]
[Black "Aguilera Lopez, Alejandro"]
[Result "1/2-1/2"]
[WhiteElo "2033"]
[BlackElo "2178"]
[PlyCount "92"]
[GameId "2138800586294638"]
[EventDate "2024.11.24"]
[EventType "team-tourn"]
[EventRounds "14"]
[EventCountry "ESP"]
[SourceVersionDate "2011.03.15"]
[WhiteTeam "Blanco y Negro"]
[BlackTeam "Alcorcon Diagonal"]
[WhiteTeamCountry "ESP"]
[BlackTeamCountry "ESP"]

1. e4 c5 2. Nc3 Nc6 3. g3 g6 4. Bg2 Bg7 5. d3 d6 6. Be3 Nd4 7. Qd2 Rb8 8. Nd1 e5 9. c3 Ne6 10. Nf3 Nf6 11. Bh6 O-O 12. Bxg7 Kxg7 13. Ne3 b5 14. Nd5 Bb7 15. Nxf6 Qxf6 16. O-O Rfd8 17. Rfe1 a5 18. a3 a4 19. Rad1 Rdc8 20. h3 Rc7 21. d4 cxd4 22. cxd4 Rbc8 23. dxe5 dxe5 24. Qd6 Rc5 25. Qb6 R8c7 26. Rd6 R7c6 27. Rxc6 Bxc6 28. Re2 Rc4 29. Qb8 Bxe4 30. Nxe5 Rc1+ 31. Kh2 Bxg2 32. Kxg2 Nd4 33. Rd2 Nc6 34. Nxc6 Qxc6+ 35. f3 Qc5 36. h4 Rg1+ 37. Kh2 Rh1+ 38. Kxh1 Qc1+ 39. Kg2 Qxd2+ 40. Kh3 Qxb2 41. g4 b4 42. h5 bxa3 43. h6+ Kxh6 44. Qf8+ Kg5 45. Qe7+ Kh6 46. Qf8+ Kg5 1/2-1/2

[Event "Madrid-chT 2425"]
[Site "Madrid"]
[Date "2025.01.26"]
[Round "7.1"]
[White "Blanco Diez, David"]
[Black "Candela Perez, Jose"]
[Result "1/2-1/2"]
[WhiteElo "2274"]
[BlackElo "2300"]
[PlyCount "106"]
[GameId "2138803129744156"]
[EventDate "2024.11.24"]
[EventType "team-tourn"]
[EventRounds "14"]
[EventCountry "ESP"]
[SourceVersionDate "2011.03.15"]
[WhiteTeam "Jaque Mate"]
[BlackTeam "Alcala de Henares"]
[WhiteTeamCountry "ESP"]
[BlackTeamCountry "ESP"]

1. d4 d5 2. c4 c6 3. cxd5 cxd5 4. Bf4 Nc6 5. e3 Nf6 6. Nc3 a6 7. Be2 e6 8. Nf3 Be7 9. O-O Nh5 10. Be5 Nxe5 11. dxe5 g6 12. g4 Ng7 13. e4 O-O 14. h3 b5 15. exd5 exd5 16. Qxd5 Be6 17. Qxd8 Rfxd8 18. Rfd1 h5 19. Nd4 hxg4 20. hxg4 Rac8 21. a4 Bc5 22. Nxe6 Nxe6 23. axb5 axb5 24. Bxb5 Bd4 25. Rac1 Rb8 26. Bc4 Nf4 27. b3 Bxe5 28. Ne4 Kg7 29. Ng5 f6 30. Nf3 Bb2 31. Rb1 Rxd1+ 32. Rxd1 Rb7 33. Kh2 g5 34. Rd8 Bc3 35. Rg8+ Kh7 36. Rc8 Kg7 37. Rg8+ Kh7 38. Rd8 Kg7 39. Nd4 Bxd4 40. Rxd4 Kf8 41. Kg3 Rxb3+ 42. Bxb3 Ne2+ 43. Kg2 Nxd4 44. Ba4 Ke7 45. Kg3 Kd6 46. Be8 Kc5 47. Bf7 Kd6 48. Bg6 Ne2+ 49. Kf3 Nf4 50. Be4 Ke5 51. Ke3 Ne6 52. Bb7 Nd4 53. Be4 Ne6 1/2-1/2

[Event "Madrid-chT 2425"]
[Site "Madrid"]
[Date "2025.01.26"]
[Round "7.2"]
[White "Moreno Ibanez, Miguel"]
[Black "Lopez Mijail, Nicolas"]
[Result "1-0"]
[WhiteElo "2157"]
[BlackElo "2288"]
[PlyCount "67"]
[GameId "2138805340789542"]
[EventDate "2024.11.24"]
[EventType "team-tourn"]
[EventRounds "14"]
[EventCountry "ESP"]
[SourceVersionDate "2011.03.15"]
[WhiteTeam "Alcala de Henares"]
[BlackTeam "Jaque Mate"]
[WhiteTeamCountry "ESP"]
[BlackTeamCountry "ESP"]

1. Nf3 c5 2. b3 Nf6 3. Bb2 e6 4. g3 b6 5. Bg2 Bb7 6. O-O g6 7. c4 Bg7 8. d4 d5 9. dxc5 bxc5 10. cxd5 exd5 11. Nc3 O-O 12. Rc1 Na6 13. e3 Rc8 14. Rc2 Qa5 15. Qa1 Nb4 16. Rd2 c4 17. Ne2 Qa6 18. Bc3 Nd3 19. Ne5 Ne4 20. Bxe4 dxe4 21. Nxc4 Bxc3 22. Nxc3 Qe6 23. f3 Rxc4 24. bxc4 Qxc4 25. Nxe4 Bxe4 26. fxe4 Rd8 27. Qf6 Rd7 28. Rb1 Qc7 29. Rc2 Qd8 30. Qxd8+ Rxd8 31. Rd2 Re8 32. Rxd3 Rxe4 33. Rb7 Ra4 34. a3 1-0

[Event "Madrid-chT 2425"]
[Site "Madrid"]
[Date "2025.01.26"]
[Round "7.3"]
[White "Torres Rebolledo, Alvaro"]
[Black "Palenciano Escolar, Adrian"]
[Result "0-1"]
[WhiteElo "2168"]
[BlackElo "2133"]
[PlyCount "64"]
[GameId "2138810696428341"]
[EventDate "2024.11.24"]
[EventType "team-tourn"]
[EventRounds "14"]
[EventCountry "ESP"]
[SourceVersionDate "2011.03.15"]
[WhiteTeam "Jaque Mate"]
[BlackTeam "Alcala de Henares"]
[WhiteTeamCountry "ESP"]
[BlackTeamCountry "ESP"]

1. e4 c5 2. Nf3 d6 3. d4 cxd4 4. Nxd4 Nf6 5. Nc3 a6 6. Be3 e5 7. Nb3 Be6 8. Qd2 Nbd7 9. O-O-O Rc8 10. f4 b5 11. f5 Bc4 12. Kb1 Qc7 13. Bd3 Be7 14. h3 b4 15. Nd5 Nxd5 16. exd5 Nf6 17. Bxc4 Qxc4 18. g4 Bd8 19. g5 Ne4 20. Qg2 a5 21. f6 gxf6 22. Nd4 Qxd5 23. Qg4 Rc4 24. Rhe1 exd4 25. gxf6 Qe6 26. Qh5 dxe3 27. Rxe3 Rc5 28. Qe2 Re5 29. Rdd3 Bb6 30. Rxd6 Qxd6 31. Rxe4 Rxe4 32. Qxe4+ Qe6 0-1

[Event "Madrid-chT 2425"]
[Site "Madrid"]
[Date "2025.01.26"]
[Round "7.4"]
[White "Gomez Gonzalez, Javier"]
[Black "Torres Rebolledo, Victor"]
[Result "1/2-1/2"]
[WhiteElo "2099"]
[BlackElo "2243"]
[PlyCount "187"]
[GameId "2138815276985154"]
[EventDate "2024.11.24"]
[EventType "team-tourn"]
[EventRounds "14"]
[EventCountry "ESP"]
[SourceVersionDate "2011.03.15"]
[WhiteTeam "Alcala de Henares"]
[BlackTeam "Jaque Mate"]
[WhiteTeamCountry "ESP"]
[BlackTeamCountry "ESP"]

1. e4 c6 2. d4 d5 3. exd5 cxd5 4. c4 Nf6 5. Nc3 Nc6 6. cxd5 Nxd5 7. Be2 e6 8. Nf3 Be7 9. O-O O-O 10. a3 b6 11. Nxd5 Qxd5 12. Be3 Bb7 13. Rc1 Rac8 14. Bc4 Qd6 15. Qe2 Bf6 16. Rfd1 Ne7 17. Ba6 Rxc1 18. Rxc1 Ba8 19. Qd2 Bxf3 20. gxf3 Nf5 21. Bb7 Nxd4 22. Bxd4 Qxd4 23. Qxd4 Bxd4 24. Rc2 g5 25. b3 Rd8 26. Rc8 Rxc8 27. Bxc8 Bb2 28. a4 Ba3 29. h3 Kg7 30. Bd7 Kf6 31. Kf1 Ke5 32. Ke2 Kd4 33. Bb5 Kc3 34. Bc4 Bc5 35. Ke1 h6 36. Ke2 Kc2 37. Ke1 Bb4+ 38. Ke2 Bc3 39. Ke3 Bd2+ 40. Ke2 Bb4 41. Ke3 Bc5+ 42. Ke4 Bd6 43. Ke3 Bf4+ 44. Ke2 Bd2 45. Bd3+ Kc3 46. Bc4 Bf4 47. Kd1 Bd6 48. Ke2 Kc2 49. Ke1 h5 50. Ke2 Bb4 51. Kf1 Kd2 52. Bb5 h4 53. Bc4 Bc5 54. Bb5 Kc3 55. Bc4 Kd4 56. Ke2 Ke5 57. Bb5 Kf4 58. Be8 f5 59. Bd7 Ke5 60. Bc8 Kd6 61. Kf1 Bd4 62. Ke2 Bc5 63. Kf1 Ke7 64. Ke2 Kf6 65. Kf1 e5 66. Ke2 e4 67. fxe4 fxe4 68. Bd7 Ke5 69. Kf1 Kd4 70. Be6 Kc3 71. Kg2 Kd2 72. Bf5 Kc2 73. Be6 Kc3 74. Bd5 a6 75. Bc4 a5 76. Be6 Kd4 77. Kf1 Kd3 78. Bf5 Kd4 79. Ke2 Bd6 80. Be6 Bc5 81. Bf5 Ke5 82. Bd7 Kd5 83. Bf5 Kd4 84. Be6 Kc3 85. Bd5 b5 86. axb5 Kb4 87. Kf1 Kc3 88. Be6 Kd2 89. Bf5 Kc2 90. Be6 Kc3 91. Bd5 Kd3 92. Be6 Kd2 93. Bc4 Bb6 94. Bd5 1/2-1/2

[Event "Madrid-chT 2425"]
[Site "Madrid"]
[Date "2025.01.26"]
[Round "7.5"]
[White "Serrano Ruiz, Miguel"]
[Black "Yanez Rodriguez, Wilbert"]
[Result "1/2-1/2"]
[WhiteElo "2059"]
[BlackElo "2101"]
[PlyCount "81"]
[GameId "2138818536700751"]
[EventDate "2024.11.24"]
[EventType "team-tourn"]
[EventRounds "14"]
[EventCountry "ESP"]
[SourceVersionDate "2011.03.15"]
[WhiteTeam "Jaque Mate"]
[BlackTeam "Alcala de Henares"]
[WhiteTeamCountry "ESP"]
[BlackTeamCountry "ESP"]

{[%evp 0,80,11,25,14,-8,10,27,11,16,9,-74,8,-112,-6,9,11,13,13,8,25,62,61,145,53,34,20,25,48,61,34,10,61,99,33,92,70,40,35,28,23,20,24,26,-85,8,38,113,59,61,49,-1,45,10,1,17,27,-1,1,-45,-38,-60,-60,-60,-36,-63,25,-9,-35,-32,-49,-52,1,-71,-1,26,128,-1,-1,-1,-1,-1,1]} 1. e4 c5 2. c3 Nf6 3. e5 Nd5 4. d4 cxd4 5. Nf3 Nc6 6. cxd4 d6 7. Bc4 e6 8. O-O dxe5 9. Nxe5 Nxe5 10. dxe5 Nb6 11. Qxd8+ Kxd8 12. Rd1+ Bd7 13. Bb5 Bc5 14. Bg5+ Ke8 15. Nc3 a6 16. Bxd7+ Nxd7 17. Ne4 Be7 18. Bxe7 Kxe7 19. Rac1 Rhc8 20. f4 f6 21. exf6+ gxf6 22. Kf2 h6 23. g4 b6 24. b4 b5 25. Kf3 Nb6 26. Nc5 Rc6 27. f5 e5 28. h4 a5 29. bxa5 Rxa5 30. g5 fxg5 31. hxg5 hxg5 32. Rh1 Rf6 33. Rh7+ Rf7 34. Rxf7+ Kxf7 35. Ne4 Nc4 36. Rh1 Rxa2 37. Rh7+ Kg8 38. Nf6+ Kf8 39. Nd7+ Kg8 40. Nf6+ Kf8 41. Nd7+ 1/2-1/2

[Event "Madrid-chT 2425"]
[Site "Madrid"]
[Date "2025.01.26"]
[Round "7.6"]
[White "Candela Martin, Alvaro"]
[Black "Cuadrado Carmona, Javier"]
[Result "0-1"]
[WhiteElo "1994"]
[BlackElo "2095"]
[PlyCount "98"]
[GameId "2138821083433849"]
[EventDate "2024.11.24"]
[EventType "team-tourn"]
[EventRounds "14"]
[EventCountry "ESP"]
[SourceVersionDate "2011.03.15"]
[WhiteTeam "Alcala de Henares"]
[BlackTeam "Jaque Mate"]
[WhiteTeamCountry "ESP"]
[BlackTeamCountry "ESP"]

1. e4 e5 2. Nf3 Nc6 3. Bc4 Bc5 4. c3 Nf6 5. d3 d6 6. h3 h6 7. Nbd2 O-O 8. g4 Nh7 9. b4 Bb6 10. a4 a5 11. b5 Ne7 12. Qb3 Ng6 13. d4 Qf6 14. Bb2 Ng5 15. Nxg5 hxg5 16. O-O-O exd4 17. Kb1 dxc3 18. Bxc3 Bd4 19. e5 Bxe5 20. Ne4 Qf4 21. Rhe1 Bxc3 22. Nxc3 Ne5 23. Re4 Qf3 24. Re3 Qxf2 25. Ne4 Qh2 26. Rd2 Qg1+ 27. Rd1 Qxd1+ 28. Qxd1 Nxc4 29. Rc3 d5 30. Qxd5 Be6 31. Qxg5 f6 32. Qc5 Nb6 33. Ra3 Rac8 34. Nd6 Rcd8 35. Nxb7 Rd1+ 36. Kc2 Rd5 37. Qe3 Re5 38. Qf2 Nc4 39. Rc3 Bf7 40. Nc5 Rfe8 41. Qf4 Re2+ 42. Kb1 Bg6+ 43. Nd3 Ne5 44. Ka1 Nxd3 45. Qc4+ Kh8 46. Rxd3 Bxd3 47. Qxc7 Rc2 48. Qg3 Ree2 49. Kb1 Rc3+ 0-1

[Event "Madrid-chT 2425"]
[Site "Madrid"]
[Date "2025.01.26"]
[Round "7.1"]
[White "Reyes Larena, Juan"]
[Black "Elissalt Cardenas, Hector"]
[Result "1-0"]
[WhiteElo "2433"]
[BlackElo "2324"]
[PlyCount "103"]
[GameId "2138823264881540"]
[EventDate "2024.11.24"]
[EventType "team-tourn"]
[EventRounds "14"]
[EventCountry "ESP"]
[SourceVersionDate "2011.03.15"]
[WhiteTeam "San Sebastian de los Reyes"]
[BlackTeam "Tajamar"]
[WhiteTeamCountry "ESP"]
[BlackTeamCountry "ESP"]

1. e4 d6 2. d4 Nf6 3. Nc3 e5 4. Nf3 Nc6 5. Bb5 exd4 6. Nxd4 Bd7 7. Bxc6 bxc6 8. Qf3 Rb8 9. O-O Be7 10. b3 c5 11. Nf5 Bxf5 12. Qxf5 Qd7 13. Qf3 O-O 14. h3 Rfe8 15. Re1 Bf8 16. Bg5 Re6 17. Rad1 Qe8 18. Qd3 c6 19. f3 Nd7 20. Qa6 d5 21. Bh4 d4 22. Na4 Bd6 23. Nb2 Rh6 24. Nc4 Bf4 25. Bf2 Qe6 26. Kf1 Nb6 27. Nb2 Bd6 28. Nd3 Qc8 29. Qxc8+ Rxc8 30. c3 dxc3 31. Bxc5 Bxc5 32. Nxc5 Rh5 33. b4 a5 34. a3 Nc4 35. g4 Rxh3 36. Kg2 Rh6 37. bxa5 Nxa5 38. Rd3 Rg6 39. Rxc3 h5 40. Kg3 hxg4 41. fxg4 Rd6 42. Rb1 Rd4 43. Rb4 Rcd8 44. Kf4 f6 45. Ke3 Rd1 46. Ra4 Rh1 47. Kf4 g5+ 48. Kg3 Kf7 49. Rxa5 Rdh8 50. Nd3 R8h3+ 51. Kf2 R3h2+ 52. Ke3 1-0

[Event "Madrid-chT 2425"]
[Site "Madrid"]
[Date "2025.01.26"]
[Round "7.2"]
[White "Abbasifar, Hasan"]
[Black "Rottenwohrer Suarez, Juan"]
[Result "1/2-1/2"]
[WhiteElo "2302"]
[BlackElo "2360"]
[PlyCount "49"]
[GameId "2138930433495091"]
[EventDate "2024.11.24"]
[EventType "team-tourn"]
[EventRounds "14"]
[EventCountry "ESP"]
[SourceVersionDate "2011.03.15"]
[WhiteTeam "Tajamar"]
[BlackTeam "San Sebastian de los Reyes"]
[WhiteTeamCountry "ESP"]
[BlackTeamCountry "ESP"]

1. e4 c5 2. Nf3 Nc6 3. d4 cxd4 4. Nxd4 Nf6 5. Nc3 e5 6. Ndb5 d6 7. Nd5 Nxd5 8. exd5 Nb8 9. c4 Be7 10. c5 O-O 11. Be2 Na6 12. cxd6 Bxd6 13. O-O Bf5 14. a3 Nc7 15. Nc3 Qd7 16. Be3 b5 17. b4 a5 18. Qb3 Rfb8 19. bxa5 Rxa5 20. a4 b4 21. Nb5 Be4 22. Bc4 Bxg2 23. Kxg2 Qg4+ 24. Kh1 Qf3+ 25. Kg1 1/2-1/2

[Event "Madrid-chT 2425"]
[Site "Madrid"]
[Date "2025.01.26"]
[Round "7.3"]
[White "Alfaya Marcelo, Roberto"]
[Black "Mkrtchyan, Levon"]
[Result "0-1"]
[WhiteElo "2245"]
[BlackElo "2255"]
[PlyCount "76"]
[GameId "2138871039356970"]
[EventDate "2024.11.24"]
[EventType "team-tourn"]
[EventRounds "14"]
[EventCountry "ESP"]
[SourceVersionDate "2011.03.15"]
[WhiteTeam "San Sebastian de los Reyes"]
[BlackTeam "Tajamar"]
[WhiteTeamCountry "ESP"]
[BlackTeamCountry "ESP"]

1. d4 Nf6 2. c4 e5 3. dxe5 Ng4 4. e3 Nxe5 5. f4 Nec6 6. Ne2 Bc5 7. Ng3 d6 8. Be2 O-O 9. O-O Re8 10. Nc3 Bxe3+ 11. Bxe3 Rxe3 12. Nd5 Re8 13. Bd3 Nd7 14. Qh5 Nf8 15. f5 f6 16. Be4 Bd7 17. Nf4 Kh8 18. b3 Rb8 19. Rae1 Ne5 20. Qh4 Re7 21. Ngh5 Be8 22. Re3 c6 23. Rh3 Bxh5 24. Qxh5 Qe8 25. Qh4 h6 26. Bc2 Rd8 27. Nh5 Nh7 28. Rd1 d5 29. cxd5 cxd5 30. b4 Ng5 31. Ra3 Nc4 32. Rc3 Ne3 33. Rxe3 Rxe3 34. Nf4 d4 35. Bb3 d3 36. Qf2 Qe4 37. h4 Nf3+ 38. gxf3 Qxf4 0-1

[Event "Madrid-chT 2425"]
[Site "Madrid"]
[Date "2025.01.26"]
[Round "7.4"]
[White "Rodriguez Avila, Alvaro"]
[Black "Martinez Fernandez, Raul"]
[Result "1-0"]
[WhiteElo "2260"]
[BlackElo "2178"]
[PlyCount "95"]
[GameId "2138873820606513"]
[EventDate "2024.11.24"]
[EventType "team-tourn"]
[EventRounds "14"]
[EventCountry "ESP"]
[SourceVersionDate "2011.03.15"]
[WhiteTeam "Tajamar"]
[BlackTeam "San Sebastian de los Reyes"]
[WhiteTeamCountry "ESP"]
[BlackTeamCountry "ESP"]

1. e4 e5 2. Nf3 Nc6 3. Bb5 a6 4. Ba4 Nf6 5. O-O Be7 6. Re1 b5 7. Bb3 O-O 8. a4 Bb7 9. d3 d5 10. exd5 Nxd5 11. Nc3 Nxc3 12. bxc3 Bf6 13. Nd2 Na5 14. Ba2 Bd5 15. Ba3 Re8 16. Bxd5 Qxd5 17. Ne4 Bd8 18. Qf3 c6 19. Bb4 Bb6 20. axb5 axb5 21. Nd6 Qxf3 22. gxf3 Reb8 23. Rxe5 Ra7 24. Rae1 Raa8 25. Re7 c5 26. Bxa5 Bxa5 27. Nxb5 h6 28. Rb1 c4 29. Re4 cxd3 30. cxd3 Ra6 31. c4 Rg6+ 32. Rg4 Re6 33. Re4 Rg6+ 34. Kf1 Bc7 35. h3 f5 36. Ree1 Bh2 37. Ke2 Rg2 38. f4 Re8+ 39. Kf3 Rxe1 40. Rxe1 Rg6 41. d4 Rc6 42. c5 g5 43. fxg5 hxg5 44. Rc1 Bf4 45. Rc4 Rh6 46. Kg2 Kf7 47. d5 Ra6 48. c6 1-0

[Event "Madrid-chT 2425"]
[Site "Madrid"]
[Date "2025.01.26"]
[Round "7.5"]
[White "Olazagoitia Rodriguez, Jose Luis"]
[Black "Rodriguez Lopez, David"]
[Result "1/2-1/2"]
[WhiteElo "2197"]
[BlackElo "2189"]
[PlyCount "50"]
[GameId "2138875532202040"]
[EventDate "2024.11.24"]
[EventType "team-tourn"]
[EventRounds "14"]
[EventCountry "ESP"]
[SourceVersionDate "2011.03.15"]
[WhiteTeam "San Sebastian de los Reyes"]
[BlackTeam "Tajamar"]
[WhiteTeamCountry "ESP"]
[BlackTeamCountry "ESP"]

1. e4 e5 2. Nf3 Nc6 3. Bb5 a6 4. Ba4 Nf6 5. d4 Nxe4 6. O-O b5 7. Bb3 d5 8. dxe5 Be6 9. c3 Be7 10. Re1 O-O 11. Nbd2 Nc5 12. Bc2 d4 13. b4 Na4 14. Bxa4 bxa4 15. Qxa4 dxc3 16. Qxc6 cxd2 17. Bxd2 Bd5 18. Qc2 Rb8 19. a3 Rb6 20. Re3 Rg6 21. Bc3 Qa8 22. Qe2 h5 23. Rd1 h4 24. h3 c5 25. Kh2 Rc8 1/2-1/2

[Event "Madrid-chT 2425"]
[Site "Madrid"]
[Date "2025.01.26"]
[Round "7.6"]
[White "Alvarez Poves, Jesus"]
[Black "Reyes Penas, Sebastian"]
[Result "0-1"]
[WhiteElo "2012"]
[BlackElo "2206"]
[PlyCount "100"]
[GameId "2138878052388927"]
[EventDate "2024.11.24"]
[EventType "team-tourn"]
[EventRounds "14"]
[EventCountry "ESP"]
[SourceVersionDate "2011.03.15"]
[WhiteTeam "Tajamar"]
[BlackTeam "San Sebastian de los Reyes"]
[WhiteTeamCountry "ESP"]
[BlackTeamCountry "ESP"]

1. e4 c5 2. Nf3 e6 3. d4 cxd4 4. Nxd4 a6 5. Nc3 Qc7 6. g3 Bb4 7. Bd2 Nc6 8. Nb3 Nf6 9. Bg2 Be7 10. O-O d6 11. a4 b6 12. h3 Bb7 13. f4 O-O 14. Be3 Rab8 15. Qe2 Rfc8 16. Rfd1 Nd7 17. Bf2 Na5 18. Nxa5 bxa5 19. Rd2 Nb6 20. Rd3 Qc6 21. Bd4 Nd7 22. Nd5 Bf8 23. Rc3 Nc5 24. Ne3 Qb6 25. Rb3 Qd8 26. Bxc5 Rxc5 27. c4 Qc7 28. Rd3 Bc6 29. b3 Rb6 30. Nc2 Qb8 31. Nd4 Bd7 32. Qd1 g6 33. Ne2 Bc6 34. Ra2 Qb7 35. Re3 e5 36. Nc1 Qb8 37. Rd2 Rb7 38. Ree2 Be8 39. Rd5 Qa7 40. Kh2 Bc6 41. Rdd2 exf4 42. Nd3 fxg3+ 43. Kh1 Rg5 44. Nf4 Qb8 45. Re3 Bxa4 46. h4 Rxb3 47. Rxb3 Bxb3 48. Qa1 Rg4 49. Nd5 Rxh4+ 50. Kg1 Qa7+ 0-1

[Event "Madrid-chT 2425"]
[Site "Madrid"]
[Date "2025.02.01"]
[Round "8.1"]
[White "Quispe Arteaga, Gabriel"]
[Black "Martinez Reyes, Pedro Ramon"]
[Result "1/2-1/2"]
[WhiteElo "2406"]
[BlackElo "2362"]
[PlyCount "29"]
[GameId "2154865535198050"]
[EventDate "2024.11.24"]
[EventType "team-tourn"]
[EventRounds "14"]
[EventCountry "ESP"]
[SourceVersionDate "2011.03.15"]
[WhiteTeam "Villalba 64"]
[BlackTeam "Blanco y Negro"]
[WhiteTeamCountry "ESP"]
[BlackTeamCountry "ESP"]

1. Nf3 d5 2. e3 Nf6 3. c4 c6 4. Nc3 a6 5. b3 Bg4 6. Be2 e6 7. Bb2 Nbd7 8. h3 Bxf3 9. gxf3 g6 10. d4 Bg7 11. f4 O-O 12. c5 b6 13. cxb6 Qxb6 14. Na4 Qa7 15. Rc1 1/2-1/2

[Event "Madrid-chT 2425"]
[Site "Madrid"]
[Date "2025.02.01"]
[Round "8.2"]
[White "Pinto, Daniel"]
[Black "Ubilava, Elizbar"]
[Result "0-1"]
[WhiteElo "2331"]
[BlackElo "2399"]
[PlyCount "88"]
[GameId "2141319374827670"]
[EventDate "2024.11.24"]
[EventType "team-tourn"]
[EventRounds "14"]
[EventCountry "ESP"]
[SourceVersionDate "2011.03.15"]
[WhiteTeam "Blanco y Negro"]
[BlackTeam "Villalba 64"]
[WhiteTeamCountry "ESP"]
[BlackTeamCountry "ESP"]

1. e4 c5 2. Nf3 d6 3. c3 Nf6 4. Be2 g6 5. O-O Bg7 6. Bb5+ Nc6 7. d4 O-O 8. d5 a6 9. Bd3 Na5 10. Nbd2 e6 11. dxe6 Bxe6 12. h3 h6 13. Re1 Qc7 14. c4 b5 15. b3 bxc4 16. bxc4 Rab8 17. Qc2 Nc6 18. a3 Nd7 19. Rb1 Rxb1 20. Nxb1 Nd4 21. Qd1 Nxf3+ 22. Qxf3 Ne5 23. Qe2 Rb8 24. Nd2 Qa5 25. f4 Nxd3 26. Qxd3 Bd4+ 27. Kh2 Qc3 28. Qxc3 Bxc3 29. Re3 Bd4 30. Re1 a5 31. Nf3 Bxc4 32. Bd2 Bf2 33. Rc1 Bd3 34. e5 d5 35. Bxa5 Rb2 36. Rd1 Be2 37. Rd2 Rxd2 38. Bxd2 d4 39. Ng1 Bf1 40. g4 c4 41. f5 gxf5 42. gxf5 c3 43. Bxh6 Be3 44. e6 fxe6 0-1

[Event "Madrid-chT 2425"]
[Site "Madrid"]
[Date "2025.02.01"]
[Round "8.3"]
[White "Garrido Dominguez, Jesus"]
[Black "Hidalgo Duque, Carlos"]
[Result "0-1"]
[WhiteElo "2398"]
[BlackElo "2268"]
[PlyCount "122"]
[GameId "2141324531253425"]
[EventDate "2024.11.24"]
[EventType "team-tourn"]
[EventRounds "14"]
[EventCountry "ESP"]
[SourceVersionDate "2011.03.15"]
[WhiteTeam "Villalba 64"]
[BlackTeam "Blanco y Negro"]
[WhiteTeamCountry "ESP"]
[BlackTeamCountry "ESP"]

1. e4 c5 2. Nf3 d6 3. Bb5+ Nd7 4. c3 Ngf6 5. d3 a6 6. Ba4 b5 7. Bc2 Bb7 8. O-O Qc7 9. Re1 Rc8 10. h3 e6 11. Bf4 Be7 12. Nbd2 O-O 13. Qe2 Ne5 14. Rad1 Ng6 15. Bh2 Nh5 16. Nf1 Ngf4 17. Qd2 e5 18. Ng3 Nxg3 19. Bxg3 Ne6 20. Bb1 f5 21. Bh4 fxe4 22. Bxe7 Qxe7 23. Nh2 Nf4 24. dxe4 Qg5 25. f3 Nxh3+ 26. Kh1 Nf4 27. g3 Qxg3 28. Rg1 Qh3 29. Qxd6 Ng6 30. Rd3 c4 31. Qd7 Qh4 32. Qe6+ Kh8 33. Rd7 Rce8 34. Qb6 Bc8 35. Rd6 Rxf3 36. Rd2 Ref8 37. Qc6 Rf1 38. Rdg2 Rxg1+ 39. Rxg1 Qf6 40. Qxf6 Rxf6 41. Rd1 Kg8 42. Rd2 Bh3 43. Bc2 Kf7 44. b3 Ke7 45. b4 Rf4 46. Re2 Nh4 47. Re3 Bd7 48. Kg1 g5 49. Rg3 Kf6 50. Re3 g4 51. Bd1 h5 52. Nf1 Kg5 53. Ng3 Rf6 54. Nf1 Rd6 55. Be2 Ng6 56. Kf2 h4 57. Kg1 Kf4 58. Kf2 Nf8 59. Ke1 Nh7 60. Bd1 Ng5 61. a4 g3 0-1